Odkud začít s DTP. Zcela nesystematický úvod do DTP s krátkou odbočkou.

Použitie DTP je možné pri vytváraní veľmi zložito štruktúrovaných textov s množstvom obrázkov, tabuliek a i., pokiaľ ide o prácu s výstupom na osvitovú jednotku, zvlášť pri nutnosti vytvárať farebné výťažky. Na našom trhu dostupné DTP programy - Venture, PageMaker a Quark-XPress.

Uložené v:
Podrobná bibliografia
Hlavný autor: Maniš, M.
Médium: Kapitola
Jazyk:Czech
Predmet:
Tagy: Pridať tag
Žiadne tagy, Buďte prvý, kto otaguje tento záznam!

MARC

LEADER 00000naa a2200000 4500
001 r013819
005 20221213083150.8
041 0 |a cze 
044 |a CZ 
245 1 0 |a Odkud začít s DTP.  |b Zcela nesystematický úvod do DTP s krátkou odbočkou.  |c M. Maniš 
520 |a Použitie DTP je možné pri vytváraní veľmi zložito štruktúrovaných textov s množstvom obrázkov, tabuliek a i., pokiaľ ide o prácu s výstupom na osvitovú jednotku, zvlášť pri nutnosti vytvárať farebné výťažky. Na našom trhu dostupné DTP programy - Venture, PageMaker a Quark-XPress. 
610 2 0 |a jazyky programovacie 
610 2 0 |a spracovanie textov 
610 2 0 |a DTP 
610 2 0 |a programy používateľské 
610 2 0 |a využitie počítačov 
610 2 0 |a programy textové 
610 2 0 |a grafika počítačová 
100 1 |a Maniš, M.